000 00323nam a22001337a 4500
008 171107b xxu||||| |||| 00| 0 eng d
020 _a9781308134208
041 _aeng
080 _211TH
_a330.722.6
100 _a62
101 _aKON
245 _aFUNDAMENTAL MANAGERIAL ACCOUNTING CONCEPTS
_cEDMONDS,T
942 _2udc
_cBK
999 _c38028
_d38028